000 00696cam a22002414a 4500
001 13987637
005 20180226042855.0
008 050531s2006 ohu b 001 0 eng
010 _a 2005276556
020 _a0131705504 (pbk.)
040 _aDLC
_cDLC
_dDLC
041 _aeng
042 _apcc
080 _a371.102 bet
082 0 0 _a371.102 bet
_222
100 1 _a25
101 _a25
245 1 0 _aProfessionalism in teaching /
_cBeth Hurst, Ginny Reding.
504 _aIncludes bibliographical references (p. 109-115) and index.
906 _a7
_bcbc
_corignew
_d3
_encip
_f20
_gy-gencatlg
942 _2ddc
_cBK
999 _c43421
_d43421